[Event "ESP-ch rapid"]
[Site "Linares"]
[Date "2019.08.24"]
[Round "8"]
[White "Lechuga Cabrero, Luis Miguel"]
[Black "Lopez Rodriguez, Hector"]
[Result "1/2-1/2"]
[WhiteElo "2117"]
[BlackElo "2178"]
[PlyCount "40"]
[EventDate "2019.08.24"]
[EventType "swiss (rapid)"]
[EventRounds "9"]
[EventCountry "ESP"]
[SourceTitle "EXT 2020"]
[Source "ChessBase"]
[SourceDate "2019.10.17"]
[SourceVersion "1"]
[SourceVersionDate "2019.10.17"]
[SourceQuality "1"]

1. e4 c6 2. d4 d5 3. exd5 cxd5 4. c4 Nf6 5. Nc3 Nc6 6. Nf3 e6 7. Bg5 Be7 8. c5 Ne4 9. Bxe7 Nxe7 10. Bb5+ Bd7 11. Bxd7+ Qxd7 12. Ne5 Nxc3 13. bxc3 Qc7 14. Qa4+ Nc6 15. 0-0 0-0 16. Nxc6 bxc6 17. Rab1 Rfb8 18. h3 Kf8 19. Qa6 g6 20. Rfe1 h5 1/2-1/2

[Event "ESP-ch U18"]
[Site "Salobrena"]
[Date "2019.07.27"]
[Round "9"]
[White "Carbonell Sancho, Marc"]
[Black "Lechuga Cabrero, Luis Miguel"]
[Result "1/2-1/2"]
[WhiteElo "2224"]
[BlackElo "2117"]
[PlyCount "171"]
[EventDate "2019.07.22"]
[EventType "swiss"]
[EventRounds "9"]
[EventCountry "ESP"]
[SourceTitle "CBM 191 Extra"]
[Source "ChessBase"]
[SourceDate "2019.09.30"]
[SourceVersion "1"]
[SourceVersionDate "2019.09.30"]
[SourceQuality "1"]

1. e4 c5 2. Nf3 d6 3. d4 cxd4 4. Nxd4 Nf6 5. Nc3 g6 6. Be3 Bg7 7. f3 0-0 8. Qd2 Nc6 9. g4 Nxd4 10. Bxd4 Be6 11. 0-0-0 Qa5 12. Kb1 Rfc8 13. a3 a6 14. g5 Nh5 15. Nd5 Qxd2 16. Rxd2 Bxd5 17. exd5 b5 18. c3 Rc7 19. Bxg7 Nxg7 20. Bh3 f5 21. Re1 Kf7 22. Bf1 Raa7 23. Rd4 Rc5 24. Re3 Ra8 25. b4 Rc7 26. Kb2 Rb8 27. Kb3 Rcb7 28. a4 Ne8 29. Rh4 Kg7 30. f4 h5 31. gxh6+ Kh7 32. Rhh3 Nf6 33. Rd3 Ne4 34. axb5 axb5 35. Rhe3 Ra7 36. Rd1 Kxh6 37. Ree1 Rba8 38. Bxb5 Ra3+ 39. Kc4 Rxc3+ 40. Kd4 Raa3 41. Rd3 Rcb3 42. Bc4 Rxd3+ 43. Bxd3 Nf2 44. Bc4 Ne4 45. b5 Ra7 46. Be2 Nc5 47. Rb1 Ra4+ 48. Bc4 Ra7 49. Rb2 g5 50. fxg5+ Kxg5 51. Ra2 Rb7 52. Ra8 Kg4 53. Rg8+ Kh3 54. Rh8+ Kg4 55. h4 Ra7 56. h5 Kg5 57. Rb8 Kxh5 58. b6 Ra1 59. b7 Nxb7 60. Rxb7 Re1 61. Rb2 Kg5 62. Re2 Rd1+ 63. Ke3 Rc1 64. Bd3 Kf6 65. Ba6 Ra1 66. Bc8 Ra3+ 67. Kf2 Rd3 68. Be6 Ra3 69. Re3 Ra2+ 70. Kg3 Ra1 71. Rf3 Rg1+ 72. Kf2 Rg5 73. Rc3 f4 74. Rc1 Rg3 75. Rg1 Ra3 76. Rg8 Ke5 77. Rg1 Rb3 78. Re1+ Kd4 79. Bf7 Re3 80. Ra1 Rb3 81. Ra7 Re3 82. Be6 Ke4 83. Rxe7 Rf3+ 84. Kg2 Rg3+ 85. Kh2 Rg5 86. Bh3+ 1/2-1/2

[Event "ESP-ch U18"]
[Site "Salobrena"]
[Date "2019.07.25"]
[Round "6"]
[White "Lechuga Cabrero, Luis Miguel"]
[Black "Sama Salinas, Hector"]
[Result "0-1"]
[WhiteElo "2117"]
[BlackElo "2340"]
[PlyCount "66"]
[EventDate "2019.07.22"]
[EventType "swiss"]
[EventRounds "9"]
[EventCountry "ESP"]
[SourceTitle "CBM 191 Extra"]
[Source "ChessBase"]
[SourceDate "2019.09.30"]
[SourceVersion "1"]
[SourceVersionDate "2019.09.30"]
[SourceQuality "1"]

1. e4 e6 2. d4 d5 3. Nd2 c5 4. Ngf3 Nf6 5. exd5 exd5 6. Bb5+ Nbd7 7. dxc5 Bxc5 8. 0-0 0-0 9. Nb3 Bb6 10. Bg5 h6 11. Bh4 a6 12. Be2 Nb8 13. Qd3 Nc6 14. c3 g5 15. Bg3 Ne4 16. Rad1 f5 17. c4 Nb4 18. Qb1 f4 19. Rxd5 Nxd5 20. Qxe4 Ne7 21. c5 Bc7 22. Bc4+ Kg7 23. Re1 Nc6 24. Nbd4 Nxd4 25. Nxd4 fxg3 26. hxg3 Qf6 27. Bd3 Rd8 28. Qh7+ Kf8 29. Re3 Rxd4 30. Qxc7 Bg4 31. f3 Rd7 32. Qa5 Qd4 33. Kf2 Re8 0-1

[Event "ESP-ch U18"]
[Site "Salobrena"]
[Date "2019.07.23"]
[Round "3"]
[White "Sanleon Pravisano, Nieves"]
[Black "Lechuga Cabrero, Luis Miguel"]
[Result "0-1"]
[WhiteElo "1925"]
[BlackElo "2117"]
[PlyCount "88"]
[EventDate "2019.07.22"]
[EventType "swiss"]
[EventRounds "9"]
[EventCountry "ESP"]
[SourceTitle "CBM 191 Extra"]
[Source "ChessBase"]
[SourceDate "2019.09.30"]
[SourceVersion "1"]
[SourceVersionDate "2019.09.30"]
[SourceQuality "1"]

1. d4 Nf6 2. c4 e6 3. Nf3 d5 4. Bg5 Be7 5. Nc3 0-0 6. e3 h6 7. Bh4 dxc4 8. Bxc4 c5 9. 0-0 Nc6 10. Bg3 Qa5 11. Qe2 a6 12. dxc5 Qxc5 13. Rac1 Qa5 14. a3 e5 15. Nd2 Bf5 16. f3 Rfd8 17. Nb3 Qb6 18. Bf2 e4 19. fxe4 Bg4 20. Qc2 Ne5 21. Nd5 Nxd5 22. exd5 Rac8 23. e4 Qg6 24. Nd2 b5 25. b3 bxc4 26. bxc4 Be2 27. Rfe1 Bxc4 28. Bg3 Nd3 29. Nxc4 Nxe1 30. Rxe1 Rxd5 31. Qe2 Rdc5 32. Ne5 Qe6 33. Nf3 Rc2 34. Qd3 Qa2 35. Qd7 Bxa3 36. Ne5 Qe6 37. Qxe6 fxe6 38. Ng6 Rc1 39. Rxc1 Rxc1+ 40. Kf2 Rc2+ 41. Kf3 Bb2 42. Be5 Bxe5 43. Nxe5 a5 44. Nd3 a4 0-1

[Event "ESP-ch U18"]
[Site "Salobrena"]
[Date "2019.07.22"]
[Round "2"]
[White "Lechuga Cabrero, Luis Miguel"]
[Black "Benito Olmedo, Santiago"]
[Result "1-0"]
[WhiteElo "2117"]
[BlackElo "1775"]
[PlyCount "71"]
[EventDate "2019.07.22"]
[EventType "swiss"]
[EventRounds "9"]
[EventCountry "ESP"]
[SourceTitle "CBM 191 Extra"]
[Source "ChessBase"]
[SourceDate "2019.09.30"]
[SourceVersion "1"]
[SourceVersionDate "2019.09.30"]
[SourceQuality "1"]

1. e4 c5 2. Nf3 e6 3. g3 Nc6 4. Bg2 Nge7 5. 0-0 g6 6. d4 d6 7. Be3 cxd4 8. Nxd4 Bg7 9. c4 0-0 10. Nc3 Nxd4 11. Bxd4 e5 12. Be3 Be6 13. b3 Qd7 14. Qd2 f5 15. Rad1 Rfd8 16. exf5 Nxf5 17. Ne4 Nd4 18. Ng5 Kh8 19. Bxd4 exd4 20. Bxb7 Rab8 21. Bc6 Qc8 22. Bd5 Bg8 23. Rfe1 Re8 24. Rxe8 Qxe8 25. Bxg8 Qxg8 26. Qf4 Be5 27. Nf7+ Kg7 28. Nxe5 dxe5 29. Qxe5+ Kh6 30. Rxd4 g5 31. Rd6+ Kh5 32. g4+ Kxg4 33. Qg3+ Kf5 34. Qf3+ Ke5 35. Qf6+ Ke4 36. Rd4# 1-0

[Event "Dos Hermanas rapid 31st"]
[Site "Dos Hermanas"]
[Date "2019.05.25"]
[Round "3"]
[White "Lechuga Cabrero, Luis Miguel"]
[Black "Gomez Ledo, Roberto Carlos"]
[Result "0-1"]
[WhiteElo "2107"]
[BlackElo "2446"]
[PlyCount "124"]
[EventDate "2019.05.25"]
[EventType "swiss (rapid)"]
[EventRounds "8"]
[EventCountry "ESP"]
[SourceTitle "CBM 190 Extra"]
[Source "ChessBase"]
[SourceDate "2019.07.15"]
[SourceVersion "1"]
[SourceVersionDate "2019.07.15"]
[SourceQuality "1"]

1. e4 d6 2. d4 Nf6 3. Nc3 e5 4. Nf3 Nbd7 5. Bc4 Be7 6. 0-0 0-0 7. Re1 c6 8. a4 a5 9. h3 exd4 10. Nxd4 Nc5 11. Qf3 Qb6 12. Nb3 Qb4 13. Qe2 Nxb3 14. Bxb3 Nd7 15. Be3 Nc5 16. Na2 Qb6 17. Bd4 Qc7 18. Nc1 Nxb3 19. Nxb3 Re8 20. Qf3 Bf8 21. c4 Be6 22. Rac1 c5 23. Bc3 Qc6 24. Nd2 Qxa4 25. Ra1 Qc6 26. Bxa5 b5 27. cxb5 Qxb5 28. Bc3 Rxa1 29. Rxa1 Qb7 30. Qd1 d5 31. exd5 Bxd5 32. f3 h6 33. Nf1 Bc4 34. Ng3 Qc7 35. Ne4 f5 36. Nd2 Be2 37. Qb3+ c4 38. Qb5 Bc5+ 39. Kh1 Rb8 40. Qa6 Re8 41. Qb5 Rb8 42. Qa6 Rb6 43. Qa8+ Kh7 44. Qe8 Bd3 45. Ra8 Qe7 46. Qg8+ Kg6 47. Re8 Qa7 48. Re6+ Rxe6 49. Qxe6+ Kh7 50. Qe1 Qc7 51. Qe5 Qa7 52. Qe1 Bf2 53. Qc1 Qc7 54. Nf1 Ba7 55. Qe1 Bb8 56. g3 Bxf1 57. Qxf1 Qxg3 58. Qg2 Kg6 59. Qxg3+ Bxg3 60. Kg2 Bd6 61. Bd4 Be7 62. Bc5 Bxc5 0-1

[Event "Andalucia-ch U12"]
[Site "Huelva"]
[Date "2014.04.26"]
[Round "6.2"]
[White "Guerra Rivera, Salvador"]
[Black "Lechuga Cabrero, Luis Miguel"]
[Result "1/2-1/2"]
[WhiteElo "1714"]
[BlackElo "1680"]
[PlyCount "36"]
[EventDate "2014.04.25"]
[EventType "swiss"]
[EventRounds "9"]
[EventCountry "ESP"]
[SourceTitle "EXT 2024"]
[Source "ChessBase"]
[SourceDate "2023.10.10"]
[SourceVersion "1"]
[SourceVersionDate "2023.10.10"]
[SourceQuality "1"]

1. b3 Nf6 2. Bb2 d6 3. e3 Nbd7 4. g3 e5 5. Bg2 g6 6. Ne2 Bg7 7. 0-0 0-0 8. c4 Rb8 9. Nbc3 a6 10. a4 Re8 11. d3 Nf8 12. b4 Be6 13. Qc2 Qd7 14. Nd5 b6 15. Nxf6+ Bxf6 16. b5 Qc8 17. Nc3 a5 18. Ne4 Bg7 1/2-1/2

[Event "ESP-ch U12"]
[Site "Salobrena"]
[Date "2012.07.04"]
[Round "4.10"]
[White "Lacruz Algarate, Alvaro"]
[Black "Lechuga Cabrero, Luis Miguel"]
[Result "1-0"]
[WhiteElo "1363"]
[BlackElo "1712"]
[PlyCount "123"]
[EventDate "2012.07.02"]
[EventType "swiss"]
[EventRounds "9"]
[EventCountry "ESP"]
[SourceTitle "EXT 2024"]
[Source "ChessBase"]
[SourceDate "2023.10.10"]
[SourceVersion "1"]
[SourceVersionDate "2023.10.10"]
[SourceQuality "1"]

1. e4 e5 2. Nf3 Nc6 3. Bc4 Bc5 4. c3 Nf6 5. d4 exd4 6. cxd4 Bb4+ 7. Bd2 Bxd2+ 8. Nbxd2 d6 9. Qb3 0-0 10. 0-0 Na5 11. Qc2 Nxc4 12. Qxc4 Bg4 13. Qe2 Re8 14. Rfe1 Qe7 15. Rac1 Rac8 16. e5 Nd7 17. Qe4 Bxf3 18. Nxf3 c6 19. Qg4 d5 20. Rc3 Nf6 21. Qf4 Ne4 22. Ra3 a6 23. Nd2 Qb4 24. Nf3 Qxb2 25. Rb3 Qxf2+ 26. Kh1 Re7 27. Reb1 Qxa2 28. R3b2 Qa5 29. Qf5 Qc7 30. Rxb7 g6 31. Rxc7 Rexc7 32. Qf4 Nc3 33. Rb3 Ne4 34. Ng5 Nxg5 35. Qxg5 c5 36. dxc5 Rxc5 37. h3 a5 38. Qd2 Kg7 39. Ra3 Re8 40. Qd4 Rb5 41. e6+ f6 42. Qa4 Rb1+ 43. Kh2 Re7 44. Qxa5 Rxe6 45. Qxd5 Rbe1 46. Ra7+ Re7 47. Ra8 Re8 48. Qd7+ R8e7 49. Qd8 Kh6 50. Qf8+ Kg5 51. Ra5+ R7e5 52. h4+ Kf5 53. Qc8+ Kf4 54. Qc4+ R5e4 55. Qc3 R4e3 56. Qxf6+ Ke4 57. Re5+ Kd3 58. Qa6+ Kd2 59. Rd5+ Kc2 60. Qa2+ Kc3 61. Rc5+ Kd4 62. Qc4# 1-0

[Event "ESP-ch U10"]
[Site "Salobrena"]
[Date "2012.06.27"]
[Round "5.1"]
[White "Lechuga Cabrero, Luis Miguel"]
[Black "Villacorta Nicolas, David"]
[Result "1/2-1/2"]
[WhiteElo "1698"]
[BlackElo "1422"]
[PlyCount "98"]
[EventDate "2012.06.25"]
[EventType "swiss"]
[EventRounds "9"]
[EventCountry "ESP"]
[SourceTitle "EXT 2024"]
[Source "ChessBase"]
[SourceDate "2023.10.10"]
[SourceVersion "1"]
[SourceVersionDate "2023.10.10"]
[SourceQuality "1"]

1. e4 e5 2. Nf3 Nc6 3. Bc4 Bc5 4. c3 Nf6 5. d4 exd4 6. e5 d5 7. Bb5 Ne4 8. cxd4 Bb6 9. Nc3 0-0 10. 0-0 Bg4 11. h3 Bxf3 12. gxf3 Nxc3 13. bxc3 Qh4 14. Kh2 Ne7 15. Qd3 c6 16. Ba4 Bc7 17. f4 Ng6 18. Qg3 Qxg3+ 19. fxg3 f6 20. f5 Ne7 21. Ba3 Rae8 22. e6 Kh8 23. Rab1 b5 24. Bc2 Rg8 25. Bc5 a6 26. a4 g6 27. axb5 axb5 28. Bxe7 Rxe7 29. fxg6 Rxe6 30. Rbe1 Rge8 31. Rxe6 Rxe6 32. Bf5 Re2+ 33. Kg1 hxg6 34. Bxg6 Kg7 35. Bh5 Rc2 36. Rf3 b4 37. cxb4 Rc4 38. Rd3 Rxb4 39. Be8 Rc4 40. Kf2 Bd6 41. Bd7 Kf7 42. h4 Kg6 43. g4 c5 44. dxc5 Bxc5+ 45. Kf3 Rd4 46. Rxd4 Bxd4 47. Be6 Be5 48. Bxd5 f5 49. g5 Kh5 1/2-1/2

[Event "ESP-ch U10"]
[Site "Salobrena"]
[Date "2012.06.26"]
[Round "3.1"]
[White "Lechuga Cabrero, Luis Miguel"]
[Black "Soto Martin, Miguel"]
[Result "0-1"]
[WhiteElo "1698"]
[BlackElo "1448"]
[PlyCount "115"]
[EventDate "2012.06.25"]
[EventType "swiss"]
[EventRounds "9"]
[EventCountry "ESP"]
[SourceTitle "EXT 2024"]
[Source "ChessBase"]
[SourceDate "2023.10.10"]
[SourceVersion "1"]
[SourceVersionDate "2023.10.10"]
[SourceQuality "1"]

1. e4 e5 2. Nf3 Nc6 3. Bc4 Bc5 4. c3 Nf6 5. d4 exd4 6. e5 d5 7. Bb5 Ne4 8. cxd4 Bb4+ 9. Bd2 Nxd2 10. Nbxd2 0-0 11. 0-0 Bd7 12. Bxc6 Bxc6 13. a3 Ba5 14. Nb3 Ba4 15. Qd3 Bb6 16. Rac1 c6 17. Qe3 Re8 18. Nc5 Bxc5 19. Rxc5 Qb6 20. b4 Bb5 21. Rfc1 Bc4 22. Nd2 Bb5 23. Qb3 Qa6 24. Ra1 Ba4 25. Qe3 f6 26. Ra5 Qb6 27. Rxa4 fxe5 28. dxe5 Qxe3 29. fxe3 Rxe5 30. Nf1 a6 31. Rc1 Re4 32. Ra5 b6 33. Ra4 Rc4 34. Rd1 a5 35. Rd4 Rxd4 36. exd4 Kf7 37. bxa5 Rxa5 38. Rxa5 bxa5 39. Kf2 Ke6 40. Ke3 Kd6 41. Kd3 c5 42. Ne3 c4+ 43. Nxc4+ dxc4+ 44. Kxc4 Kc6 45. d5+ Kd6 46. Kd4 a4 47. g3 g5 48. g4 h6 49. h3 Kc7 50. Kc5 Kd7 51. d6 Kd8 52. Kc6 Kc8 53. d7+ Kd8 54. Kd6 h5 55. gxh5 g4 56. h6 g3 57. h7 g2 58. h8Q# 0-1

[Event "ESP-ch U10"]
[Site "Padron"]
[Date "2011.07.02"]
[Round "8.1"]
[White "Orantes Taboada, Francisco"]
[Black "Lechuga Cabrero, Luis Miguel"]
[Result "1-0"]
[WhiteElo "1517"]
[BlackElo "1713"]
[PlyCount "83"]
[EventDate "2011.06.28"]
[EventType "swiss"]
[EventRounds "9"]
[EventCountry "ESP"]
[SourceTitle "EXT 2024"]
[Source "ChessBase"]
[SourceDate "2023.10.10"]
[SourceVersion "1"]
[SourceVersionDate "2023.10.10"]
[SourceQuality "1"]

1. e4 c5 2. c3 Nc6 3. d4 cxd4 4. cxd4 d5 5. exd5 Qxd5 6. Nf3 Nf6 7. Nc3 Qd8 8. Bd3 e6 9. 0-0 Be7 10. Bb5 0-0 11. Qa4 Bd7 12. Ne5 Nxe5 13. dxe5 Bxb5 14. Qxb5 Ne8 15. Rd1 Qb6 16. Qxb6 axb6 17. Rd7 Bc5 18. Rxb7 Rd8 19. Be3 Rc8 20. Bxc5 bxc5 21. Ne4 f5 22. Ng5 Rc6 23. Re7 Nc7 24. Rxc7 Rxc7 25. Nxe6 Re7 26. Nxf8 Kxf8 27. f4 Rb7 28. b3 Ra7 29. Rc1 Ra5 30. a4 Ke7 31. Kf2 Ke6 32. Ke3 h6 33. h4 h5 34. g3 g6 35. Rc2 Ke7 36. Kd3 Ke6 37. Kc4 Ra7 38. Rd2 Rb7 39. Rd6+ Kf7 40. Rd3 Rc7 41. Rd5 Ke6 42. Rxc5 1-0

[Event "ESP-ch U10"]
[Site "Padron"]
[Date "2011.06.30"]
[Round "5.4"]
[White "Lechuga Cabrero, Luis Miguel"]
[Black "Soto Martin, Pablo"]
[Result "1/2-1/2"]
[WhiteElo "1713"]
[BlackElo "1458"]
[PlyCount "66"]
[EventDate "2011.06.28"]
[EventType "swiss"]
[EventRounds "9"]
[EventCountry "ESP"]
[SourceTitle "EXT 2024"]
[Source "ChessBase"]
[SourceDate "2023.10.10"]
[SourceVersion "1"]
[SourceVersionDate "2023.10.10"]
[SourceQuality "1"]

1. e4 e5 2. Nf3 Nc6 3. Bc4 Bc5 4. Nc3 d6 5. d3 Nf6 6. Bg5 h6 7. Bxf6 Qxf6 8. Nd5 Qd8 9. c3 Be6 10. b4 Bb6 11. a4 a5 12. Nxb6 cxb6 13. Qb3 Bxc4 14. Qxc4 Rc8 15. Qb3 0-0 16. 0-0 Qc7 17. Rac1 Ne7 18. b5 Ng6 19. g3 Kh8 20. Nd2 f5 21. exf5 Rxf5 22. Ne4 Qe7 23. Qd5 Rd8 24. f4 Qd7 25. fxe5 Rxe5 26. Qf7 Qxf7 27. Rxf7 d5 28. Nf2 Rb8 29. c4 dxc4 30. Rxc4 Rc5 31. Rd4 Rc1+ 32. Kg2 Rc2 33. Kf1 Rbc8 1/2-1/2